01216nab a2200325 a 450000100060000000300080000600500170001400600190003100700150005000800410006502200140010603500210012004000260014105000180016708200120018510000270019722200440022424501370026826000820040530000160048731000140050336200260051753301640054365000270070765000260073465500320076071000190079285600620081199900170087335049FlNmELB20241216221315.0m o d | cr cn|||||||||201110r2004 mx |||||s|||||||||||spa d a1405-7107 a(OCoLC)955366760 aFlNmELBbspacFlNmELB 4aB1bE775 200404a1002221 aEspinosa Proa, Sergio. 0aCaleidoscopio (Aguascalientes. Impresa)10aReseña de "historia de la fenomenología en México" de Antonio Zirión Quijanoh[recurso electronico] /cSergio Espinosa Proa. aAguascalientes (México) :bUniversidad Autónoma de Aguascalientes,c2004. a163-167 pp. aSemestral0 aVol. 8, No. 16(2004)- aRecurso electrónico. Santa Fe, Arg.: e-libro, 2015. Disponible vía World Wide Web. El acceso puede estar limitado para las bibliotecas afiliadas a e-libro. 4aFilosofía.xGeneral. 4aPhilosophy.xGeneral. 4aArtículos electrónicos.2 ae-libro, Corp.40uhttps://elibro.net/ereader/politecnicointernacional/19242 c35049d35049